[Event "Foment Martinenc op-B 22nd"]
[Site "Barcelona"]
[Date "2022.05.07"]
[Round "3"]
[White "Suarez Garcia, Mario"]
[Black "Valero Roca, Roger"]
[Result "1-0"]
[WhiteElo "1674"]
[BlackElo "1377"]
[PlyCount "71"]
[EventDate "2022.04.23"]
[EventType "swiss"]
[EventRounds "9"]
[EventCountry "ESP"]
[SourceTitle "EXT 2023"]
[Source "ChessBase"]
[SourceDate "2022.10.05"]
[SourceVersion "1"]
[SourceVersionDate "2022.10.05"]
[SourceQuality "1"]

1. e4 c5 2. Nf3 e6 3. d4 cxd4 4. Nxd4 Nc6 5. Nb5 d6 6. c4 Nf6 7. N1c3 a6 8. Nd4 Qc7 9. Be3 Na5 10. Be2 Bd7 11. b3 Nc6 12. 0-0 g6 13. f4 Bg7 14. Qd2 Qa5 15. Rad1 0-0 16. Bf3 Rad8 17. Nce2 Qxd2 18. Rxd2 Nxd4 19. Nxd4 e5 20. Ne2 Bc6 21. Nc3 Rfe8 22. Rfd1 exf4 23. Bxf4 Nxe4 24. Nxe4 Bxe4 25. Bxe4 Rxe4 26. Bxd6 Bh6 27. Rd3 b5 28. cxb5 axb5 29. Bc5 Rxd3 30. Rxd3 Re2 31. Rd8+ Kg7 32. Bf8+ Kf6 33. Bxh6 g5 34. Rb8 Kg6 35. Bf8 Re5 36. Ra8 1-0

[Event "Foment Martinenc op-B 22nd"]
[Site "Barcelona"]
[Date "2022.04.30"]
[Round "2"]
[White "Serrahima Susany, Ramon"]
[Black "Suarez Garcia, Mario"]
[Result "1-0"]
[WhiteElo "1424"]
[BlackElo "1674"]
[PlyCount "67"]
[EventDate "2022.04.23"]
[EventType "swiss"]
[EventRounds "9"]
[EventCountry "ESP"]
[SourceTitle "EXT 2023"]
[Source "ChessBase"]
[SourceDate "2022.10.05"]
[SourceVersion "1"]
[SourceVersionDate "2022.10.05"]
[SourceQuality "1"]

1. e4 e5 2. Nf3 Nc6 3. Bc4 Bc5 4. c3 Nf6 5. d4 exd4 6. e5 d5 7. Bb5 Ne4 8. cxd4 Bb4+ 9. Bd2 Nxd2 10. Nbxd2 a6 11. Bxc6+ bxc6 12. Qc2 Bd7 13. 0-0 0-0 14. a3 Ba5 15. Nb3 Bb6 16. Nc5 Bxc5 17. Qxc5 Re8 18. Nd2 Qg5 19. f4 Qg6 20. Rf3 f6 21. Raf1 Qf7 22. b4 Qe7 23. Qc3 Rf8 24. f5 fxe5 25. dxe5 Be8 26. f6 Qd7 27. Nb3 Qg4 28. Rg3 Qe4 29. Rxg7+ Kh8 30. e6 d4 31. Nxd4 Rxf6 32. Rxf6 Kxg7 33. Nf5+ Kg8 34. Rf8+ 1-0

[Event "Barcelona La Lira op 12th"]
[Site "Barcelona"]
[Date "2019.05.02"]
[Round "4"]
[White "Romero Gamez, Francisco Javier"]
[Black "Suarez Garcia, Mario"]
[Result "1-0"]
[WhiteElo "1498"]
[BlackElo "1668"]
[PlyCount "105"]
[EventDate "2019.04.04"]
[EventType "swiss"]
[EventRounds "9"]
[EventCountry "ESP"]
[SourceTitle "CBM 190 Extra"]
[Source "ChessBase"]
[SourceDate "2019.07.15"]
[SourceVersion "1"]
[SourceVersionDate "2019.07.15"]
[SourceQuality "1"]

1. e4 e5 2. Nf3 Nc6 3. Bb5 a6 4. Ba4 Nf6 5. 0-0 Nxe4 6. Re1 Nc5 7. Bxc6 dxc6 8. Nxe5 Be7 9. d4 Ne6 10. c3 0-0 11. h3 Re8 12. Nd2 Nf8 13. Ndf3 Ng6 14. Nxg6 hxg6 15. Be3 Be6 16. Qc2 Qd5 17. a3 Bxh3 18. c4 Qh5 19. c5 Bf5 20. Qd2 Be4 21. Nh2 Rad8 22. Qc3 Bg5 23. b4 Bd5 24. Qd2 Bh6 25. Qd1 Qxd1 26. Raxd1 Bxe3 27. Rxe3 Rxe3 28. fxe3 Re8 29. Kf2 f5 30. Nf3 Bxf3 31. gxf3 Kf7 32. a4 Rh8 33. Kg2 g5 34. Kg3 Ke6 35. e4 g6 36. Re1 Kf6 37. Rd1 Rh4 38. Re1 f4+ 39. Kg2 g4 40. fxg4 Rxg4+ 41. Kf3 Kg5 42. e5 Kf5 43. e6 Rg3+ 44. Kf2 Re3 45. e7 Rxe7 46. Rxe7 g5 47. Kf3 g4+ 48. Kf2 b5 49. a5 Kf6 50. Rxc7 Kf5 51. Rxc6 Ke4 52. Re6+ Kxd4 53. c6 1-0

[Event "Foment Martinenc op-B 20th"]
[Site "Barcelona"]
[Date "2018.06.09"]
[Round "8"]
[White "Capdevila Lopez, Ferran"]
[Black "Suarez Garcia, Mario"]
[Result "0-1"]
[WhiteElo "1582"]
[BlackElo "1610"]
[PlyCount "38"]
[EventDate "2018.04.21"]
[EventType "swiss"]
[EventRounds "9"]
[EventCountry "ESP"]
[SourceTitle "CBM 184 Extra"]
[Source "ChessBase"]
[SourceDate "2018.06.28"]
[SourceVersion "1"]
[SourceVersionDate "2018.06.28"]
[SourceQuality "1"]

1. e4 e5 2. f4 Bc5 3. Bc4 d6 4. Nf3 Nf6 5. Nc3 Nc6 6. d3 a6 7. f5 Na5 8. Bb3 h6 9. h3 Nxb3 10. axb3 Bd7 11. Bd2 Bc6 12. Na4 Ba7 13. c4 Qe7 14. Nc3 g5 15. Qe2 Nh5 16. Nxe5 Ng3 17. Nxc6 bxc6 18. Qf3 Nxh1 19. Rxa6 Bf2+ 0-1

[Event "Foment Martinenc op-B 20th"]
[Site "Barcelona"]
[Date "2018.05.12"]
[Round "4"]
[White "Ruiz Soria, Adria"]
[Black "Suarez Garcia, Mario"]
[Result "1-0"]
[WhiteElo "1916"]
[BlackElo "1610"]
[PlyCount "93"]
[EventDate "2018.04.21"]
[EventType "swiss"]
[EventRounds "9"]
[EventCountry "ESP"]
[SourceTitle "CBM 184 Extra"]
[Source "ChessBase"]
[SourceDate "2018.06.28"]
[SourceVersion "1"]
[SourceVersionDate "2018.06.28"]
[SourceQuality "1"]

1. d4 Nf6 2. c4 e6 3. Nc3 Bb4 4. Qc2 0-0 5. Bg5 c5 6. e3 h6 7. Bh4 cxd4 8. exd4 Nc6 9. Nf3 Be7 10. Rd1 d5 11. a3 b6 12. cxd5 exd5 13. Bb5 Bb7 14. 0-0 Rc8 15. Qf5 a6 16. Bxc6 Bxc6 17. Ne5 g5 18. Bg3 Nd7 19. Nxc6 Rxc6 20. Nxd5 Nf6 21. Nxe7+ Qxe7 22. Rfe1 Re6 23. Rxe6 fxe6 24. Qg6+ Qg7 25. Qxg7+ Kxg7 26. Rc1 Rd8 27. Be5 Kg6 28. Rc6 Ng4 29. g3 Nxe5 30. dxe5 Kf5 31. Rxb6 a5 32. Rb5 a4 33. Kg2 Rd2 34. h3 Re2 35. Kf3 Rxe5 36. Rxe5+ Kxe5 37. Ke3 Kd5 38. Kd3 e5 39. f3 h5 40. h4 gxh4 41. gxh4 Kc5 42. Kc3 Kb5 43. b3 axb3 44. Kxb3 Kc5 45. Kc3 Kb5 46. Kd3 Kc5 47. Ke4 1-0

[Event "Foment Martinenc op-B 20th"]
[Site "Barcelona"]
[Date "2018.04.21"]
[Round "1"]
[White "Suarez Garcia, Mario"]
[Black "Losada Torroella, Carles"]
[Result "1-0"]
[WhiteElo "1610"]
[BlackElo "1339"]
[PlyCount "66"]
[EventDate "2018.04.21"]
[EventType "swiss"]
[EventRounds "9"]
[EventCountry "ESP"]
[SourceTitle "CBM 184 Extra"]
[Source "ChessBase"]
[SourceDate "2018.06.28"]
[SourceVersion "1"]
[SourceVersionDate "2018.06.28"]
[SourceQuality "1"]

1. e4 d6 2. d4 Nf6 3. Nc3 g6 4. f4 Bg7 5. Nf3 c6 6. Bd3 e6 7. e5 dxe5 8. fxe5 Nd5 9. 0-0 0-0 10. Ne4 f5 11. exf6 Bxf6 12. Nxf6+ Nxf6 13. Bg5 Nbd7 14. Qe2 Nb6 15. Qe5 Kg7 16. Nd2 h6 17. Bxf6+ Rxf6 18. Ne4 Nd7 19. Qg3 Rxf1+ 20. Rxf1 Nf8 21. Qe5+ Kg8 22. Nf6+ Kf7 23. Nd7+ Ke7 24. Qg7+ Kd6 25. Qxf8+ Qxf8 26. Nxf8 g5 27. Bc4 b5 28. Bb3 c5 29. dxc5+ Kxc5 30. Nxe6+ Bxe6 31. Bxe6 Re8 32. Bf5 Re2 33. Bd3 Re5 1-0

[Event "Barcelona Tres Peons-B 46th"]
[Site "Barcelona"]
[Date "2017.06.02"]
[Round "7.1"]
[White "Orriols Codina, Joan"]
[Black "Suarez Garcia, Mario"]
[Result "0-1"]
[WhiteElo "1654"]
[BlackElo "1584"]
[PlyCount "48"]
[EventDate "2017.04.21"]
[EventType "swiss"]
[EventRounds "9"]
[EventCountry "ESP"]
[SourceTitle "EXT 2024"]
[Source "ChessBase"]
[SourceDate "2023.10.10"]
[SourceVersion "1"]
[SourceVersionDate "2023.10.10"]
[SourceQuality "1"]

1. e4 e5 2. f4 exf4 3. Nf3 d6 4. Bc4 h6 5. 0-0 g5 6. d3 Bg7 7. Nc3 Be6 8. Bb5+ c6 9. Ba4 Nd7 10. d4 Ngf6 11. d5 cxd5 12. exd5 Bg4 13. Re1+ Kf8 14. Qd3 Bxf3 15. Qxf3 Ne5 16. Qe2 a6 17. Bb3 Ke7 18. Ne4 Nxe4 19. Qxe4 Re8 20. c4 Kf8 21. Bd2 Qb6+ 22. Kh1 Ng4 23. Qf3 Nf2+ 24. Kg1 Ne4+ 0-1

[Event "Hospitalet de Llobregat Ponce 3rd"]
[Site "Hospitalet de Llobregat"]
[Date "2017.05.06"]
[Round "5"]
[White "Palomares Fite, Jordi"]
[Black "Suarez Garcia, Mario"]
[Result "1-0"]
[WhiteElo "1896"]
[BlackElo "1584"]
[PlyCount "67"]
[EventDate "2017.04.01"]
[EventType "swiss"]
[EventRounds "9"]
[EventCountry "ESP"]
[SourceTitle "EXT 2018"]
[Source "ChessBase"]
[SourceDate "2017.10.13"]
[SourceVersion "1"]
[SourceVersionDate "2017.10.13"]
[SourceQuality "1"]

1. e4 e5 2. Nf3 Nc6 3. Bb5 a6 4. Ba4 Nf6 5. 0-0 Be7 6. Bxc6 dxc6 7. Qe1 Nd7 8. d4 exd4 9. Nxd4 Nf6 10. Nf5 Bxf5 11. exf5 Qd5 12. Nc3 Qxf5 13. Qe2 Rd8 14. Re1 Rd7 15. Be3 0-0 16. Rad1 Rfd8 17. Rxd7 Rxd7 18. h3 Qe6 19. Qf3 Bc5 20. Bd2 Qd6 21. Bf4 Qd4 22. Be5 Qd2 23. Re2 Qc1+ 24. Kh2 Bd6 25. Qf5 Bxe5+ 26. Qxe5 h6 27. Ne4 Qd1 28. Nxf6+ gxf6 29. Qe8+ Kg7 30. Re3 f5 31. Rg3+ Kf6 32. Qh8+ Ke7 33. Re3+ Kd6 34. Rd3+ 1-0

[Event "Barcelona Sant Marti op 6th"]
[Site "Barcelona"]
[Date "2017.01.26"]
[Round "3"]
[White "Poyato Ruiz, Fernando"]
[Black "Suarez Garcia, Mario"]
[Result "1-0"]
[WhiteElo "1818"]
[BlackElo "1616"]
[PlyCount "115"]
[EventDate "2017.01.12"]
[EventType "swiss"]
[EventRounds "9"]
[EventCountry "ESP"]
[SourceTitle "EXT 2018"]
[Source "ChessBase"]
[SourceDate "2017.10.13"]
[SourceVersion "1"]
[SourceVersionDate "2017.10.13"]
[SourceQuality "1"]

1. d4 Nf6 2. c4 e6 3. Nc3 Bb4 4. Nf3 b6 5. Bg5 Bb7 6. e3 h6 7. Bh4 0-0 8. Bd3 c5 9. 0-0 cxd4 10. exd4 Be7 11. Rc1 d5 12. cxd5 Nxd5 13. Bg3 Nd7 14. Re1 N7f6 15. Be5 Qd7 16. Qe2 Rfc8 17. Bb1 Nxc3 18. bxc3 Ba3 19. Bxf6 Bxc1 20. Bxg7 Kxg7 21. Rxc1 Qe7 22. Qd3 Rh8 23. Ne5 Qg5 24. Qg3 Qxg3 25. hxg3 Rag8 26. a4 f5 27. c4 Rd8 28. c5 bxc5 29. Rxc5 Rc8 30. Rb5 Bd5 31. Bxf5 Rc1+ 32. Kh2 Rd1 33. Rc5 Rxd4 34. Bc2 Rf8 35. Rc7+ Kh8 36. Ng6+ Kg8 37. Nxf8 Kxf8 38. f3 Rd2 39. Be4 Bxe4 40. fxe4 Rd4 41. Rxa7 Rxe4 42. Kg1 e5 43. Kf2 Kg8 44. Kf3 Rd4 45. a5 Rd3+ 46. Kg4 e4 47. a6 e3 48. Kf3 e2+ 49. Kxe2 Rxg3 50. Kf2 Rg6 51. Kf3 Kf8 52. Kf4 Ke8 53. Kf5 Rb6 54. Ra8+ Kd7 55. a7 Ra6 56. Rh8 Ra5+ 57. Ke4 Ra4+ 58. Kd5 1-0

[Event "Barcelona Tres Peons-C 45th"]
[Site "Barcelona"]
[Date "2016.05.06"]
[Round "4.3"]
[White "Martinez Diaz, Arturo"]
[Black "Suarez Garcia, Mario"]
[Result "1-0"]
[WhiteElo "1896"]
[BlackElo "1674"]
[PlyCount "37"]
[EventDate "2016.04.15"]
[EventType "swiss"]
[EventRounds "9"]
[EventCountry "ESP"]
[SourceTitle "EXT 2024"]
[Source "ChessBase"]
[SourceDate "2023.10.10"]
[SourceVersion "1"]
[SourceVersionDate "2023.10.10"]
[SourceQuality "1"]

1. d4 d5 2. c4 e6 3. Nc3 Nf6 4. Bg5 Nbd7 5. Nf3 Be7 6. e3 0-0 7. Rc1 Re8 8. cxd5 exd5 9. Bd3 c6 10. 0-0 Nf8 11. Ne5 Ne6 12. f4 Nxg5 13. fxg5 Ne4 14. Nxf7 Qb6 15. Nxe4 dxe4 16. Bxe4 Be6 17. Bxh7+ Kf8 18. Nd6+ Bf6 19. Nxe8 1-0

[Event "Foment Martinenc op-B 18th"]
[Site "Barcelona"]
[Date "2016.04.30"]
[Round "2"]
[White "Pera Muntasell, Marc"]
[Black "Suarez Garcia, Mario"]
[Result "1/2-1/2"]
[WhiteElo "1424"]
[BlackElo "1674"]
[PlyCount "44"]
[EventDate "2016.04.23"]
[EventType "swiss"]
[EventRounds "9"]
[EventCountry "ESP"]
[SourceTitle "EXT 2017"]
[Source "ChessBase"]
[SourceDate "2016.10.25"]
[SourceVersion "1"]
[SourceVersionDate "2016.10.25"]
[SourceQuality "1"]

1. e4 e5 2. Nf3 Nc6 3. Bc4 Bc5 4. c3 Nf6 5. d4 exd4 6. cxd4 Bb4+ 7. Bd2 Bxd2+ 8. Nbxd2 d5 9. exd5 Nxd5 10. Qb3 Na5 11. Qa4+ Nc6 12. Qb3 Nce7 13. 0-0 0-0 14. Rfe1 c6 15. Ne4 Qb6 16. Nc5 Qxb3 17. Bxb3 b6 18. Ne4 Nf5 19. Rac1 Bb7 20. g4 Nfe7 21. Ne5 Rad8 22. f3 Nf4 1/2-1/2

[Event "Barcelona Tres Peons-C 45th"]
[Site "Barcelona"]
[Date "2016.04.22"]
[Round "2.2"]
[White "Navarro Fornos, Pere Josep"]
[Black "Suarez Garcia, Mario"]
[Result "1/2-1/2"]
[WhiteElo "1871"]
[BlackElo "1674"]
[PlyCount "80"]
[EventDate "2016.04.15"]
[EventType "swiss"]
[EventRounds "9"]
[EventCountry "ESP"]
[SourceTitle "EXT 2024"]
[Source "ChessBase"]
[SourceDate "2023.10.10"]
[SourceVersion "1"]
[SourceVersionDate "2023.10.10"]
[SourceQuality "1"]

1. e4 e5 2. f4 exf4 3. Nf3 d6 4. Bc4 h6 5. 0-0 g5 6. d4 Bg7 7. c3 Nc6 8. Qb3 Qe7 9. Na3 Nf6 10. e5 dxe5 11. Nxe5 Nxe5 12. dxe5 Ng4 13. g3 Nxe5 14. gxf4 Nxc4 15. Qxc4 Be6 16. Qe4 Qc5+ 17. Be3 Qd5 18. Qxd5 Bxd5 19. fxg5 0-0-0 20. gxh6 Bxh6 21. Bxh6 Rxh6 22. Rf2 Rg8+ 23. Kf1 Rhg6 24. Ke2 Rg2 25. h4 Rh8 26. Rxg2 Bxg2 27. Rg1 Bd5 28. c4 Be6 29. Rh1 Rg8 30. Rh2 Rg4 31. b3 Rg6 32. Ke3 Bg4 33. Nb5 a6 34. Nd4 c5 35. Nf3 Re6+ 36. Kf4 Bh5 37. Ng5 Re1 38. Ne4 b6 39. Nf6 Rf1+ 40. Kg5 Bg6 1/2-1/2

[Event "Barcelona Tres Peons-C 45th"]
[Site "Barcelona"]
[Date "2016.04.15"]
[Round "1.5"]
[White "Suarez Garcia, Mario"]
[Black "Moreno Oller, Victor"]
[Result "1-0"]
[WhiteElo "1674"]
[BlackElo "1436"]
[PlyCount "45"]
[EventDate "2016.04.15"]
[EventType "swiss"]
[EventRounds "9"]
[EventCountry "ESP"]
[SourceTitle "EXT 2024"]
[Source "ChessBase"]
[SourceDate "2023.10.10"]
[SourceVersion "1"]
[SourceVersionDate "2023.10.10"]
[SourceQuality "1"]

1. e4 c5 2. Nf3 e6 3. d4 cxd4 4. Nxd4 a6 5. c4 Qc7 6. Nc3 Nf6 7. Be3 Bb4 8. Bd3 Nc6 9. 0-0 Bc5 10. Nxe6 dxe6 11. Bxc5 Ne5 12. Be3 Nxc4 13. Qa4+ b5 14. Nxb5 Qb8 15. Nc7+ Kd8 16. Nxa8 Nxe3 17. fxe3 Qxa8 18. Rac1 Bb7 19. Qa5+ Ke8 20. Bb5+ Kf8 21. Rc7 Qd8 22. Rfc1 Nxe4 23. Rc8 1-0

[Event "Llobregat op 3rd"]
[Site "Llobregat"]
[Date "2011.05.07"]
[Round "5"]
[White "Suarez Garcia, Mario"]
[Black "Gomez Pardo Criado, Juan Antonio"]
[Result "1-0"]
[WhiteElo "1769"]
[BlackElo "1861"]
[PlyCount "51"]
[EventDate "2011.04.02"]
[EventType "swiss"]
[EventRounds "7"]
[EventCountry "ESP"]
[SourceTitle "CBM 142 Extra"]
[Source "ChessBase"]
[SourceDate "2011.06.27"]
[SourceVersion "1"]
[SourceVersionDate "2011.06.27"]
[SourceQuality "1"]

1. e4 e5 2. Bc4 Nc6 3. Nf3 Bc5 4. c3 Nf6 5. d4 exd4 6. cxd4 Bb4+ 7. Bd2 Bxd2+ 8. Nbxd2 d5 9. exd5 Nxd5 10. Qb3 Nce7 11. 0-0 0-0 12. Rfe1 c6 13. Re2 Qc7 14. Rae1 Bf5 15. Re5 Qd7 16. Ne4 b6 17. Nc3 Nxc3 18. Rxe7 Qd6 19. Bxf7+ Kh8 20. bxc3 Qf6 21. Re8 h5 22. Rxa8 Rxa8 23. Re8+ Rxe8 24. Bxe8 h4 25. Qf7 Qh6 26. Qf8+ 1-0

[Event "Llobregat op 3rd"]
[Site "Llobregat"]
[Date "2011.04.30"]
[Round "4"]
[White "Marina de la Torre, Ivan"]
[Black "Suarez Garcia, Mario"]
[Result "1-0"]
[WhiteElo "1911"]
[BlackElo "1769"]
[PlyCount "89"]
[EventDate "2011.04.02"]
[EventType "swiss"]
[EventRounds "7"]
[EventCountry "ESP"]
[SourceTitle "CBM 142 Extra"]
[Source "ChessBase"]
[SourceDate "2011.06.27"]
[SourceVersion "1"]
[SourceVersionDate "2011.06.27"]
[SourceQuality "1"]

1. d4 d5 2. c4 e6 3. Nc3 Nf6 4. cxd5 exd5 5. Bg5 Nbd7 6. e3 c6 7. Bd3 Be7 8. Nge2 0-0 9. 0-0 Re8 10. Qc2 Nf8 11. f3 Ng6 12. e4 dxe4 13. fxe4 Be6 14. Rae1 Ng4 15. Bc1 Bg5 16. Rf3 Bxc1 17. Qxc1 Qh4 18. h3 Nf6 19. Ref1 Rad8 20. Qe3 h6 21. Nf4 Nxf4 22. Rxf4 Qg5 23. h4 Qa5 24. Rxf6 Qb4 25. R6f2 Rxd4 26. a3 Qd6 27. Bc2 Rd8 28. e5 Qd7 29. Rf4 Rd2 30. Qe4 Qd4+ 31. Qxd4 R8xd4 32. Rxd4 Rxd4 33. Rd1 Rxd1+ 34. Bxd1 Kf8 35. Kf2 Ke7 36. Bf3 f6 37. exf6+ Kxf6 38. Ke3 Ke5 39. Ne4 b6 40. Nf2 c5 41. Nd3+ Kd6 42. Kf4 c4 43. Nf2 Kc5 44. Ke5 Bf7 45. Ne4+ 1-0

[Event "La Pobla de Lillet op 15th"]
[Site "La Pobla de Lillet"]
[Date "2005.08.02"]
[Round "1"]
[White "Movsziszian, Karen"]
[Black "Suarez Garcia, Mario"]
[Result "1-0"]
[WhiteElo "2439"]
[BlackElo "1952"]
[PlyCount "91"]
[EventDate "2005.08.02"]
[EventType "swiss"]
[EventRounds "9"]
[EventCountry "ESP"]
[SourceTitle "CBM 107 Extra"]
[Source "ChessBase"]
[SourceDate "2005.09.01"]
[SourceVersion "1"]
[SourceVersionDate "2005.09.01"]
[SourceQuality "1"]

1. e4 e5 2. Nf3 Nc6 3. Bb5 a6 4. Ba4 Nf6 5. d3 b5 6. Bb3 Be7 7. 0-0 d6 8. c3 0-0 9. h3 Bb7 10. Re1 Re8 11. Nbd2 h6 12. Nf1 Na5 13. Bc2 c5 14. Ng3 c4 15. d4 Nc6 16. d5 Nb8 17. Nf5 Bf8 18. Nh2 Nbd7 19. g4 Nh7 20. Nf3 Nc5 21. h4 Bc8 22. Qd2 Bxf5 23. gxf5 Be7 24. h5 Bg5 25. Qe2 Bxc1 26. Raxc1 Ng5 27. Kg2 Nxf3 28. Qxf3 Qg5+ 29. Kh3 Qf6 30. Rg1 Kh7 31. b3 cxb3 32. axb3 a5 33. b4 axb4 34. cxb4 Na6 35. Rb1 Rec8 36. Bd3 Rc3 37. Rg3 Rac8 38. Qd1 Qe7 39. Bxb5 Qb7 40. Qf1 Nb8 41. f3 Qb6 42. Qg2 Rxf3 43. Qxf3 Qxb5 44. Rbg1 Qd7 45. Rxg7+ Kh8 46. Qg3 1-0

[Event "Ideal Clave op"]
[Site "Barcelona"]
[Date "1997.11.08"]
[Round "6"]
[White "Suarez Garcia, Mario"]
[Black "Palmer Ramon, Enric"]
[Result "0-1"]
[WhiteElo "1840"]
[BlackElo "1930"]
[PlyCount "102"]
[EventDate "1997.09.??"]
[EventType "swiss"]
[EventRounds "9"]
[EventCountry "ESP"]
[SourceTitle "EXT 2003"]
[Source "ChessBase"]
[SourceDate "2002.11.25"]
[SourceVersion "1"]
[SourceVersionDate "2002.11.25"]
[SourceQuality "1"]

1. e4 c5 2. Nf3 d6 3. d4 cxd4 4. Nxd4 Nf6 5. Nc3 a6 6. Bg5 e6 7. f4 Be7 8. Qf3 Nc6 9. 0-0-0 Bd7 10. g4 Qc7 11. Nb3 0-0 12. Bxf6 Bxf6 13. g5 Bxc3 14. Qxc3 Rac8 15. h4 d5 16. e5 b5 17. a3 Qb6 18. Qc5 Qxc5 19. Nxc5 Nxe5 20. Nxa6 Ng4 21. Rd4 Ne3 22. Bd3 Bc6 23. h5 Bb7 24. Nb4 Rc5 25. b3 Ra8 26. Kb2 Ng4 27. Rf1 Ne3 28. Rc1 Rac8 29. Na2 Ng4 30. Rb4 Ba6 31. a4 Nf2 32. Bxb5 Bxb5 33. Rxb5 Rxb5 34. axb5 Rb8 35. Nc3 d4 36. Ne2 d3 37. Nc3 dxc2 38. Kxc2 f5 39. Kd2 Ne4+ 40. Nxe4 fxe4 41. Rc5 Kf7 42. Ke3 g6 43. hxg6+ hxg6 44. Kxe4 Rb7 45. Kd4 Ke7 46. Kc4 Kd7 47. Rc6 Rb8 48. Kc5 Rf8 49. b6 Rf5+ 50. Kb4 Kxc6 51. Ka4 Kxb6 0-1